000 00767nam a22002297a 4500
003 UA-OsUOA
001 36294
007 ta
008 20060120b un ||||| |||| 00| 0 ukr d
090 _a821.161.2(038)
_bС48
942 _cBK
040 _aUA-OsUOA
_bukr
_cUA-OsUOA
_dUA-OsUOA
245 _aСловник поетичної мови Василя Стуса. Рідковживані слова та індивідуально-авторські новотвори
_cУклад. Л.В. Оліфіренко
300 _a90 с.
955 _a2
041 _aukr
080 _a821.161.2(038)
020 _a966-531-152-2
260 _aК.
_bАбрис
_c2003
650 7 _a82 Література. Літературознавство
_2UDC
999 _c322526
_d322526